How to study / (Record no. 7699)
[ view plain ]
| 000 -LEADER | |
|---|---|
| fixed length control field | 00682cam a2200277I 4500 |
| 001 - CONTROL NUMBER | |
| JCCL Control Number | 7699 |
| 003 - CONTROL NUMBER IDENTIFIER | |
| JCCL marc code | BD-JhCC |
| 005 - DATE AND TIME OF LATEST TRANSACTION | |
| control field | 20220731134023.0 |
| 008 - FIXED-LENGTH DATA ELEMENTS--GENERAL INFORMATION | |
| fixed length control field | 740820s1970 enk 000 0 eng d |
| 029 1# - (OCLC) | |
| OCLC library identifier | UKM |
| System control number | b7029856 |
| 035 ## - SYSTEM CONTROL NUMBER | |
| system control number | ocm00983440 |
| 035 ## - SYSTEM CONTROL NUMBER | |
| system control number | (BD-JhCC) |
| 035 ## - SYSTEM CONTROL NUMBER | |
| system control number | 27637 |
| 040 ## - CATALOGING SOURCE | |
| Original cataloging agency | ICU |
| Transcribing agency | ICU |
| Modifying agency | UKM |
| 041 ## - LANGUAGE CODE | |
| Language code of Book | eng |
| 082 04 - DEWEY DECIMAL CLASSIFICATION NUMBER | |
| Classification number | 378.1 |
| DDC Edition number | 18 |
| Author mark and Year | MAD 1970 |
| 090 ## - LOCALLY ASSIGNED LC-TYPE CALL NUMBER (OCLC); LOCAL CALL NUMBER (OCLC) | |
| Classification number (OCLC) (R) ; Classification number, CALL (RLIN) (NR) | LB1049 |
| Local cutter number (OCLC) ; Book number/undivided call number, CALL (RLIN) | .M29 1970 |
| 100 1# - MAIN ENTRY--PERSONAL NAME | |
| Personal name | Maddox, Harry. |
| 245 10 - TITLE STATEMENT | |
| Title | How to study / |
| Statement of responsibility, etc | Harry Maddox, |
| 250 ## - EDITION STATEMENT | |
| Edition statement | 1st hardback ed. |
| 260 ## - PUBLICATION, DISTRIBUTION, ETC. (IMPRINT) | |
| Place of publication, distribution, etc | [Newton Abbot, Eng.] |
| Name of publisher, distributor, etc | David & Charles |
| Date of publication, distribution, etc | [1970] |
| 300 ## - PHYSICAL DESCRIPTION | |
| Pagination | 240 p. : |
| Dimensions | 22 cm. |
| 650 #0 - SUBJECT ADDED ENTRY--TOPICAL TERM | |
| Topical term or geographic name as entry element | Study skills. |
| 942 ## - ADDED ENTRY ELEMENTS (KOHA) | |
| Source of classification or shelving scheme | Dewey Decimal Classification |
| Koha item type | Books |
| Koha issues (borrowed), all copies | 19 |
| Source of classification or shelving scheme | Damaged status | Not for loan | Home library | Current library | Shelving location | Total Checkouts | Full call number | Barcode | Date last seen | Copy number | Koha item type | Date of accession | Date checked out | Method of acquisition | Currency |
|---|---|---|---|---|---|---|---|---|---|---|---|---|---|---|---|
| Dewey Decimal Classification | JCC Rouf Library | JCC Rouf Library | General Stacks | 378.1 MAD 1970 | 10198 | 02/13/2018 | C-1 | Books | |||||||
| Dewey Decimal Classification | JCC Rouf Library | JCC Rouf Library | General Stacks | 2 | 378.1 MAD 1963 | 12810 | 03/18/2020 | C-2 | Books | 03/19/2018 | 02/19/2020 | ||||
| Dewey Decimal Classification | JCC Rouf Library | JCC Rouf Library | General Stacks | 2 | 378.1 MAD 1963 | 12807 | 03/03/2022 | C-3 | Books | 03/19/2018 | 03/02/2022 | Purchase | |||
| Dewey Decimal Classification | JCC Rouf Library | JCC Rouf Library | General Stacks | 3 | 378.1 MAD 1963 | 12808 | 08/01/2022 | C-4 | Books | 03/19/2018 | 07/30/2022 | ||||
| Dewey Decimal Classification | JCC Rouf Library | JCC Rouf Library | General Stacks | 3 | 378.1 MAD 1963 | 12809 | 09/22/2022 | C-5 | Books | 03/19/2018 | 06/12/2022 | ||||
| Dewey Decimal Classification | JCC Rouf Library | JCC Rouf Library | General Stacks | 3 | 378.1 MAD 1970 | 12998 | 03/04/2024 | C-6 | Books | 03/04/2018 | 03/03/2024 |